Normal view
MARC view
Entry Topical Term
001 - CONTROL NUMBER
- control field: 8156
003 - CONTROL NUMBER IDENTIFIER
- control field: BD-RjUL
005 - DATE AND TIME OF LATEST TRANSACTION
- control field: 20230730145918.0
008 - FIXED-LENGTH DATA ELEMENTS
- fixed length control field: 230730|| aca||aabn | a|a d
040 ## - CATALOGING SOURCE
- Original cataloging agency: BD-RjUL
- Transcribing agency: BD-RjUL
150 ## - HEADING--TOPICAL TERM
- Topical term or geographic name entry element: গান
- Form subdivision: ঋতুরাগ বৈচি্ত্র্য
670 ## - SOURCE DATA FOUND
- Source citation: Work cat.: (BD-RjUL)81614: খাতুন, মাহফুজা 8154, নজরুলের গানে ঋতুরাগ বৈচি্ত্র্য /, ২০২০